<The> Economic Factors of Instability of the USD Exchange Rate of the National Bank of Ukraine

Ekonomické faktory nestability výmenného kurzu USD Národnej banky Ukrajiny, konkrétne: úroveň HDP, miera inflácie, zostatok ukrajinského štátneho rozpočtu a devízových a zlatých rezerv.

Guardado en:
Detalles Bibliográficos
Autor principal: Nekrasova, Kateruna
Formato: Capítulo de libro
Lenguaje:inglés
Materias:
Etiquetas: Agregar Etiqueta
Sin Etiquetas, Sea el primero en etiquetar este registro!

MARC

LEADER 00000naa a2200000 4500
001 0257572
005 20220725101050.6
041 0 |a eng 
044 |a SK 
245 1 0 |a <The> Economic Factors of Instability of the USD Exchange Rate of the National Bank of Ukraine  |c Kateruna Nekrasova 
520 |a Ekonomické faktory nestability výmenného kurzu USD Národnej banky Ukrajiny, konkrétne: úroveň HDP, miera inflácie, zostatok ukrajinského štátneho rozpočtu a devízových a zlatých rezerv. 
610 2 0 |a kurz výmenný 
610 2 0 |a nestabilita finančná 
610 2 0 |a politika menová 
610 2 0 |a Ukrajina 
610 2 0 |a dolár 
100 1 |a Nekrasova, Kateruna